Gruppendynamik und der "Subjektive Faktor" Repressive Entsublimierung oder Politisierende Praxis /

সংরক্ষণ করুন:
গ্রন্থ-পঞ্জীর বিবরন
প্রধান লেখক: Cartwright, Dorwin (autor)
বিন্যাস: গ্রন্থ
ভাষা:German
বিষয়গুলি:
ট্যাগগুলো: ট্যাগ যুক্ত করুন
কোনো ট্যাগ নেই, প্রথমজন হিসাবে ট্যাগ করুন!

MARC

LEADER 00000nam^a2200000^a^4500
001 000070372
005 20250521000000.0
009 20260526120419.198
037 |a Acervo ITESO - Biblioteca 
041 |a ALE 
082 |a 155. 8  |b CAR 
100 |a Cartwright, Dorwin  |e (autor) 
245 |a Gruppendynamik und der "Subjektive Faktor" Repressive Entsublimierung oder Politisierende Praxis /  |c D. Cartwright... [et al.] ; ed. de Klaus Horn. 
264 |a Frankfurt, Alemania :  |b Suhrkamp,  |c 1973 
300 |a 448 p. 
336 |a texto  |b txt  |2 rdacontenido 
337 |a sin mediación  |b n  |2 rdamedio 
338 |a volumen  |b nc  |2 rdasoporte 
649 |a XX 
650 |a Psicología Social 
650 |a Grupos Sociales 
650 |a Dinámica de Grupos 
910 |a Fondo Armando Suárez Gómez 
920 |a Impresos - Libros 
930 |a Fondos Especiales 
905 |a 111 
901 |a 0700002908  |b IT2  |c ESP  |u 20250521 
902 |a https://opac.biblio.iteso.mx/vufind/Record/000070372